Nations in the 2000 Summer Olympics - Statistics

General Stats
  • This quiz has been taken 24 times
  • The average score is 168 of 199
Answer Stats
Hint Answer % Correct
Europe Belgium
100%
Asia China
100%
Europe France
100%
Europe Great Britain
100%
Europe Ireland
100%
Asia Japan
100%
Europe Netherlands
100%
Europe Portugal
100%
Europe Russia
100%
Europe Spain
100%
Europe Ukraine
100%
Europe Albania
94%
Africa Algeria
94%
Europe Andorra
94%
America Argentina
94%
Asia Armenia
94%
Oceania Australia
94%
America Bahamas
94%
Europe Belarus
94%
America Brazil
94%
America Canada
94%
America Chile
94%
America Cuba
94%
Europe Denmark
94%
America Ecuador
94%
Europe Estonia
94%
Africa Ethiopia
94%
Europe Finland
94%
Europe Germany
94%
Europe Greece
94%
America Haiti
94%
America Honduras
94%
Europe Hungary
94%
Europe Iceland
94%
Asia India
94%
Asia Indonesia
94%
Europe Italy
94%
America Jamaica
94%
Europe Latvia
94%
Europe Lithuania
94%
America Mexico
94%
Africa Morocco
94%
Oceania New Zealand
94%
Africa Niger
94%
Africa Nigeria
94%
Asia North Korea
94%
Europe Norway
94%
America Peru
94%
Asia Philippines
94%
Europe Poland
94%
Africa Senegal
94%
Africa South Africa
94%
Asia South Korea
94%
Europe Sweden
94%
Asia Thailand
94%
Africa The Gambia
94%
Asia Turkey
94%
America United States
94%
Asia Uzbekistan
94%
Africa Zimbabwe
94%
Europe Austria
88%
Asia Azerbaijan
88%
America Barbados
88%
America Belize
88%
America Bolivia
88%
Europe Bulgaria
88%
Asia Cambodia
88%
Africa Chad
88%
America Colombia
88%
Africa Democratic Republic of the Congo
88%
America Dominica
88%
America Dominican Republic
88%
Africa Egypt
88%
Africa Ghana
88%
America Guatemala
88%
Asia Iran
88%
Asia Iraq
88%
Asia Israel
88%
Asia Jordan
88%
Asia Kazakhstan
88%
Asia Kuwait
88%
Asia Lebanon
88%
Africa Lesotho
88%
Europe Liechtenstein
88%
Africa Madagascar
88%
Europe Moldova
88%
Asia Mongolia
88%
Asia Myanmar
88%
Asia Nepal
88%
Asia Oman
88%
Asia Pakistan
88%
America Panama
88%
Asia Qatar
88%
Africa Republic of the Congo
88%
Europe Romania
88%
Europe San Marino
88%
Asia Singapore
88%
Europe Slovakia
88%
Europe Slovenia
88%
Africa Sudan
88%
Europe Switzerland
88%
Africa Tanzania
88%
Africa Togo
88%
Oceania Tonga
88%
America Uruguay
88%
America Venezuela
88%
Asia Vietnam
88%
Asia Yemen
88%
Africa Zambia
88%
Oceania American Samoa
81%
Africa Angola
81%
Asia Bahrain
81%
Asia Bangladesh
81%
Africa Benin
81%
Asia Bhutan
81%
Europe Bosnia and Herzegovina
81%
Africa Botswana
81%
Africa Burkina Faso
81%
Africa Burundi
81%
Africa Cameroon
81%
Asia Chinese Taipei
81%
Africa Comoros
81%
America Costa Rica
81%
Europe Croatia
81%
Europe Czech Republic
81%
America El Salvador
81%
Africa Eritrea
81%
Oceania Fiji
81%
Asia Georgia
81%
America Grenada
81%
Africa Ivory Coast
81%
Africa Kenya
81%
Asia Kyrgyzstan
81%
Asia Laos
81%
Africa Liberia
81%
Africa Libya
81%
Europe Luxembourg
81%
Asia Malaysia
81%
Africa Mali
81%
Europe Monaco
81%
Africa Mozambique
81%
Africa Namibia
81%
Oceania Palau
81%
Oceania Papua New Guinea
81%
America Paraguay
81%
Africa Rwanda
81%
America Saint Kitts and Nevis
81%
America Saint Lucia
81%
Oceania Samoa
81%
Africa Seychelles
81%
Oceania Solomon Islands
81%
Africa Somalia
81%
America Suriname
81%
Asia Syria
81%
Asia Tajikistan
81%
America Trinidad and Tobago
81%
Asia Turkmenistan
81%
Oceania Vanuatu
81%
America British Virgin Islands
75%
Asia Brunei
75%
Africa Djibouti
75%
Oceania Federated States of Micronesia
75%
Africa Gabon
75%
Africa Guinea
75%
Africa Guinea-Bissau
75%
America Guyana
75%
Europe Macedonia
75%
Africa Malawi
75%
Asia Maldives
75%
Africa Mauritius
75%
Oceania Nauru
75%
America Nicaragua
75%
America Saint Vincent and the Grenadines
75%
Asia Saudi Arabia
75%
Africa Sierra Leone
75%
Asia Sri Lanka
75%
Africa Swaziland
75%
Africa Tunisia
75%
Africa Uganda
75%
Asia United Arab Emirates
75%
America Virgin Islands
75%
America Antigua and Barbuda
69%
Africa Cape Verde
69%
Africa Central African Republic
69%
Europe Malta
69%
Africa Mauritania
69%
Africa São Tomé and Principe
69%
America Aruba
63%
America Bermuda
63%
Africa Equatorial Guinea
63%
Europe FR Yugoslavia
63%
Oceania Guam
63%
Asia Palestine
63%
America Puerto Rico
63%
America Cayman Islands
56%
Asia Cyprus
56%
Oceania Cook Islands
50%
Asia Hong Kong
44%
America Netherlands Antilles
38%
No matching quizzes found
Score Distribution
Percent of People with Each Score
Percentile by Number Answered
Your Score History
You have not taken this quiz